[Event "WCO2014"]
[Site "Tromso"]
[Date "2014.08.09"]
[Round "7.29"]
[WhiteID "3701107"]
[White "Latorre Matias"]
[BlackID "6302718"]
[Black "Yilmaz Mustafa"]
[Result "1/2-1/2"]
[LiveChessVersion "1.4.3"]
[BlackElo "2569"]
[WhiteElo "2277"]

1. d4 {[%clk 1:30:58]} Nf6 {[%clk 1:30:54]} 2. c4 {[%clk 1:31:23]} e6
{[%clk 1:31:18]} 3. Nf3 {[%clk 1:30:04]} c5 {[%clk 1:31:35]} 4. d5
{[%clk 1:30:02]} d6 {[%clk 1:31:58]} 5. Nc3 {[%clk 1:30:23]} exd5
{[%clk 1:31:04]} 6. cxd5 {[%clk 1:30:48]} g6 {[%clk 1:31:30]} 7. Bf4
{[%clk 1:31:07]} a6 {[%clk 1:30:39]} 8. a4 {[%clk 1:31:23]} Bg7 {[%clk 1:31:04]}
9. h3 {[%clk 1:28:53]} O-O {[%clk 1:28:53]} 10. e3 {[%clk 1:28:47]} Qe7
{[%clk 1:28:58]} 11. Be2 {[%clk 1:28:40]} Nbd7 {[%clk 1:28:53]} 12. O-O
{[%clk 1:28:30]} Ne8 {[%clk 1:26:20]} 13. Nd2 {[%clk 1:28:10]} Rb8
{[%clk 1:25:11]} 14. Qb3 {[%clk 1:17:58]} Nc7 {[%clk 1:09:52]} 15. Nde4
{[%clk 1:10:05]} Be5 {[%clk 0:51:28]} 16. Bxe5 {[%clk 0:47:57]} Qxe5
{[%clk 0:50:40]} 17. a5 {[%clk 0:44:15]} b5 {[%clk 0:48:36]} 18. axb6
{[%clk 0:37:22]} Rxb6 {[%clk 0:46:13]} 19. Qa2 {[%clk 0:36:06]} Rb4
{[%clk 0:41:18]} 20. Nd2 {[%clk 0:33:45]} Nb6 {[%clk 0:40:59]} 21. Rfd1
{[%clk 0:29:21]} Bd7 {[%clk 0:35:32]} 22. Nf3 {[%clk 0:26:59]} Qg7
{[%clk 0:29:05]} 23. Rac1 {[%clk 0:23:04]} Rb8 {[%clk 0:26:03]} 24. Ne1
{[%clk 0:19:57]} Na4 {[%clk 0:19:56]} 25. Nd3 {[%clk 0:20:25]} Rxb2
{[%clk 0:15:17]} 26. Nxb2 {[%clk 0:20:23]} Nxc3 {[%clk 0:15:30]} 27. Rxc3
{[%clk 0:19:36]} Qxc3 {[%clk 0:15:57]} 28. Nc4 {[%clk 0:19:58]} Qf6
{[%clk 0:14:46]} 29. Qa5 {[%clk 0:19:56]} Nb5 {[%clk 0:13:48]} 30. Rb1
{[%clk 0:16:20]} Qd8 {[%clk 0:06:27]} 31. Qa1 {[%clk 0:06:20]} Nc3
{[%clk 0:04:50]} 32. Re1 {[%clk 0:06:39]} Nxe2+ {[%clk 0:04:53]} 33. Rxe2
{[%clk 0:07:05]} Qg5 {[%clk 0:02:47]} 34. Rd2 {[%clk 0:00:46]} Bxh3
{[%clk 0:02:49]} 35. f4 {[%clk 0:01:09]} Qg3 {[%clk 0:03:02]} 36. Rf2
{[%clk 0:01:17]} Bf5 {[%clk 0:02:55]} 37. Rf3 {[%clk 0:00:51]} Qh4
{[%clk 0:02:59]} 38. Nd2 {[%clk 0:01:17]} Bd3 {[%clk 0:02:28]} 39. e4
{[%clk 0:00:45]} c4 {[%clk 0:02:40]} 40. e5 {[%clk 0:00:46]} Qd8 {[%clk 0:00:42]}
41. e6 {[%clk 0:00:31]} fxe6 {[%clk 0:22:41]} 42. dxe6 {[%clk 0:31:42]} Qb6+
{[%clk 0:22:54]} 43. Kh2 {[%clk 0:32:02]} Re8 {[%clk 0:21:31]} 44. f5
{[%clk 0:23:59]} Bxf5 {[%clk 0:17:38]} 45. g4 {[%clk 0:24:28]} Rxe6
{[%clk 0:10:13]} 46. gxf5 {[%clk 0:24:38]} Re2+ {[%clk 0:10:37]} 47. Kh3
{[%clk 0:21:50]} d5 {[%clk 0:08:37]} 48. Qd1 Re5 {[%clk 0:07:51]} 49. Kg2
{[%clk 0:07:38]} Qd4 {[%clk 0:06:03]} 50. Rf2 {[%clk 0:01:53]} c3
{[%clk 0:03:07]} 51. fxg6 {[%clk 0:00:52]} Rg5+ {[%clk 0:03:07]} 52. Kf1
{[%clk 0:01:14]} Qd3+ {[%clk 0:01:25]} 53. Qe2 {[%clk 0:01:37]} Qxe2+
{[%clk 0:00:38]} 54. Kxe2 {[%clk 0:01:34]} cxd2 {[%clk 0:00:43]} 55. gxh7+
{[%clk 0:02:00]} Kxh7 {[%clk 0:01:08]} 56. Kxd2 {[%clk 0:02:27]} Kg6
{[%clk 0:00:33]} 57. Kd3 {[%clk 0:02:45]} Rf5 {[%clk 0:00:33]} 58. Ra2
{[%clk 0:03:04]} Kf6 {[%clk 0:00:34]} 59. Kd4 {[%clk 0:02:54]} a5
{[%clk 0:00:53]} 60. Rxa5 {[%clk 0:01:43]} Rf4+ {[%clk 0:01:20]} 61. Ke3
{[%clk 0:01:50]} Re4+ {[%clk 0:01:47]} 62. Kd3 {[%clk 0:02:15]} Ke5
{[%clk 0:02:14]} 63. Ra8 {[%clk 0:02:30]} Rd4+ {[%clk 0:02:36]} 64. Ke3
{[%clk 0:02:41]} Rd1 {[%clk 0:02:41]} 65. Re8+ {[%clk 0:03:07]} Kd6
{[%clk 0:03:07]} 66. Ke2 {[%clk 0:03:29]} Rd4 {[%clk 0:03:01]} 67. Ke3
{[%clk 0:03:55]} Rd1 {[%clk 0:02:34]} 68. Ke2 {[%clk 0:04:20]} Rh1
{[%clk 0:02:26]} 69. Kd3 {[%clk 0:04:40]} Rh3+ {[%clk 0:02:24]} 70. Kd4
{[%clk 0:05:01]} Rh4+ {[%clk 0:02:52]} 71. Kd3 {[%clk 0:05:27]} Kd7
{[%clk 0:03:16]} 72. Ra8 {[%clk 0:05:43]} Kc6 {[%clk 0:03:31]} 73. Rc8+
{[%clk 0:06:05]} Kd7 {[%clk 0:03:56]} 74. Ra8 {[%clk 0:06:31]} Kc7
{[%clk 0:04:22]} 75. Rg8 {[%clk 0:06:50]} Kb6 {[%clk 0:04:18]} 76. Rb8+
{[%clk 0:07:15]} Kc7 {[%clk 0:04:21]} 77. Rg8 {[%clk 0:07:38]} Re4
{[%clk 0:04:39]} 78. Rh8 {[%clk 0:07:46]} Kd6 {[%clk 0:04:53]} 79. Rd8+
{[%clk 0:07:59]} Ke5 {[%clk 0:05:22]} 80. Re8+ {[%clk 0:08:09]} Kf4
{[%clk 0:05:50]} 81. Rxe4+ {[%clk 0:05:37]} dxe4+ {[%clk 0:06:17]} 82. Ke2
{[%clk 0:05:57]} e3 {[%clk 0:06:43]} 83. Ke1 {[%clk 0:06:09]} Ke5
{[%clk 0:07:12]} 84. Ke2 {[%clk 0:06:04]} Ke4 {[%clk 0:07:36]} 85. Ke1
{[%clk 0:06:26]} Kd3 {[%clk 0:08:01]} 86. Kd1 {[%clk 0:06:51]} e2+
{[%clk 0:08:28]} 87. Ke1 {[%clk 0:07:16]} Ke3 1/2-1/2

[Event "WCO2014"]
[Site "Tromso"]
[Date "2014.08.09"]
[Round "7.28"]
[WhiteID "3507548"]
[White "Gonzalez Zamora Juan Carlos"]
[BlackID "3202305"]
[Black "Smerdon David"]
[Result "1/2-1/2"]
[LiveChessVersion "1.4.3"]
[BlackElo "2513"]
[WhiteElo "2544"]

1. Nf3 {[%clk 1:30:56]} e6 {[%clk 1:30:27]} 2. c4 {[%clk 1:31:16]} d5
{[%clk 1:30:28]} 3. g3 {[%clk 1:31:37]} Nf6 {[%clk 1:30:17]} 4. Bg2
{[%clk 1:32:01]} Be7 {[%clk 1:29:10]} 5. O-O {[%clk 1:32:22]} O-O
{[%clk 1:29:33]} 6. b3 {[%clk 1:27:05]} c5 {[%clk 1:27:33]} 7. Bb2
{[%clk 1:26:00]} Nc6 {[%clk 1:24:11]} 8. e3 {[%clk 1:25:50]} d4 {[%clk 1:23:29]}
9. exd4 {[%clk 1:25:36]} cxd4 {[%clk 1:23:54]} 10. Re1 {[%clk 1:25:56]} Re8
{[%clk 1:20:03]} 11. Na3 {[%clk 1:22:59]} Bc5 {[%clk 1:19:44]} 12. d3
{[%clk 1:11:30]} e5 {[%clk 1:18:01]} 13. Nc2 {[%clk 1:11:54]} a5 {[%clk 1:17:55]}
14. a3 {[%clk 1:12:04]} Qd6 {[%clk 1:05:57]} 15. Ng5 {[%clk 0:59:09]} Rb8
{[%clk 0:51:24]} 16. Rc1 {[%clk 0:46:30]} Bf5 {[%clk 0:48:26]} 17. Ne4
{[%clk 0:35:01]} Nxe4 {[%clk 0:46:57]} 18. dxe4 {[%clk 0:34:42]} d3
{[%clk 0:35:18]} 19. Qd2 {[%clk 0:32:14]} Be6 {[%clk 0:26:27]} 20. Ne3
{[%clk 0:29:14]} Nd4 {[%clk 0:18:50]} 21. Bxd4 {[%clk 0:26:34]} exd4
{[%clk 0:19:06]} 22. Nf5 {[%clk 0:23:26]} Bxf5 {[%clk 0:19:31]} 23. exf5
{[%clk 0:23:50]} Bxa3 {[%clk 0:19:32]} 24. Rxe8+ {[%clk 0:23:53]} Rxe8
{[%clk 0:19:59]} 25. Re1 {[%clk 0:24:15]} Rxe1+ {[%clk 0:18:14]} 26. Qxe1
{[%clk 0:24:39]} Bb4 {[%clk 0:09:49]} 27. Qe8+ {[%clk 0:14:26]} Qf8
{[%clk 0:10:17]} 28. Qxf8+ {[%clk 0:08:14]} Kxf8 {[%clk 0:10:40]} 29. Bxb7
{[%clk 0:08:36]} d2 {[%clk 0:10:14]} 30. Bf3 {[%clk 0:09:00]} Ke7
{[%clk 0:09:28]} 31. Kg2 {[%clk 0:07:04]} Kf6 {[%clk 0:07:52]} 32. Bd1
{[%clk 0:04:57]} Kxf5 {[%clk 0:08:05]} 33. Kf3 {[%clk 0:05:23]} Bc5
{[%clk 0:04:47]} 34. Bc2+ {[%clk 0:05:00]} d3 {[%clk 0:02:54]} 35. Bxd3+
{[%clk 0:05:11]} Ke5 {[%clk 0:03:15]} 36. Ke2 {[%clk 0:05:01]} Bxf2
{[%clk 0:02:49]} 37. Kxd2 {[%clk 0:05:24]} h5 {[%clk 0:02:23]} 38. c5
{[%clk 0:01:13]} Bxc5 {[%clk 0:01:53]} 39. Bc4 {[%clk 0:00:57]} f5
{[%clk 0:01:13]} 40. Ke2 {[%clk 0:01:16]} Bg1 {[%clk 0:01:01]} 41. h3
{[%clk 0:01:33]} h4 {[%clk 0:25:07]} 42. gxh4 {[%clk 0:31:40]} Kf4
{[%clk 0:23:55]} 43. Be6 {[%clk 0:31:44]} Ke4 {[%clk 0:23:36]} 44. h5
{[%clk 0:31:44]} Bc5 {[%clk 0:23:49]} 45. Bd7 {[%clk 0:31:41]} Kf4
{[%clk 0:23:55]} 46. Be6 {[%clk 0:32:00]} Bd6 {[%clk 0:22:59]} 47. Bd7
{[%clk 0:32:18]} Bc7 {[%clk 0:23:21]} 48. Be6 {[%clk 0:32:26]} 1/2-1/2

[Event "WCO2014"]
[Site "Tromso"]
[Date "2014.08.09"]
[Round "7.27"]
[WhiteID "3204405"]
[White "Ly Moulthun"]
[BlackID "5105269"]
[Black "Leon Hoyos Manuel"]
[Result "1-0"]
[LiveChessVersion "1.4.3"]
[BlackElo "2517"]
[WhiteElo "2462"]

1. e4 {[%clk 1:30:56]} c5 {[%clk 1:30:49]} 2. Nf3 {[%clk 1:31:04]} g6
{[%clk 1:30:16]} 3. d4 {[%clk 1:28:27]} cxd4 {[%clk 1:30:41]} 4. Nxd4
{[%clk 1:28:51]} Nc6 {[%clk 1:30:54]} 5. c4 {[%clk 1:28:24]} Nf6 {[%clk 1:30:43]}
6. Nc3 {[%clk 1:28:43]} d6 {[%clk 1:31:08]} 7. f3 {[%clk 1:26:19]} Nxd4
{[%clk 1:31:21]} 8. Qxd4 {[%clk 1:26:39]} Bg7 {[%clk 1:31:47]} 9. Be3
{[%clk 1:26:47]} O-O {[%clk 1:32:11]} 10. Qd2 {[%clk 1:27:07]} Be6
{[%clk 1:28:46]} 11. Rc1 {[%clk 1:23:07]} a6 {[%clk 1:26:06]} 12. b3
{[%clk 1:22:01]} Rc8 {[%clk 1:25:36]} 13. Bd3 {[%clk 1:16:30]} b5
{[%clk 1:20:13]} 14. Nd5 {[%clk 1:10:39]} bxc4 {[%clk 1:10:47]} 15. Bxc4
{[%clk 1:10:41]} Nxd5 {[%clk 1:08:37]} 16. exd5 {[%clk 1:10:50]} Bd7
{[%clk 1:08:45]} 17. O-O {[%clk 1:09:06]} a5 {[%clk 1:01:37]} 18. Bd4
{[%clk 0:54:05]} Re8 {[%clk 0:49:40]} 19. Bxg7 {[%clk 0:53:20]} Kxg7
{[%clk 0:47:55]} 20. Qd4+ {[%clk 0:53:25]} Kg8 {[%clk 0:47:59]} 21. Ba6
{[%clk 0:47:21]} Rb8 {[%clk 0:47:41]} 22. Rfd1 {[%clk 0:36:41]} Rb4
{[%clk 0:45:30]} 23. Qa7 {[%clk 0:34:27]} a4 {[%clk 0:39:29]} 24. Rc7
{[%clk 0:32:54]} Bf5 {[%clk 0:33:56]} 25. g4 {[%clk 0:20:16]} axb3
{[%clk 0:29:26]} 26. axb3 {[%clk 0:19:48]} Rxb3 {[%clk 0:14:40]} 27. gxf5
{[%clk 0:19:11]} Ra3 {[%clk 0:14:51]} 28. Rdc1 {[%clk 0:16:21]} Rf8
{[%clk 0:11:07]} 29. Kh1 {[%clk 0:10:44]} Ra2 {[%clk 0:06:02]} 30. Qb7
{[%clk 0:06:49]} e5 {[%clk 0:02:56]} 31. dxe6 {[%clk 0:06:30]} Qg5
{[%clk 0:02:47]} 32. R7c2 {[%clk 0:04:25]} Rxc2 {[%clk 0:02:08]} 33. Rxc2
{[%clk 0:04:50]} Qxf5 {[%clk 0:02:34]} 34. exf7+ {[%clk 0:04:26]} Kg7
{[%clk 0:02:58]} 35. Qe4 {[%clk 0:03:14]} Qf6 {[%clk 0:03:04]} 36. Bc4
{[%clk 0:02:38]} Rc8 {[%clk 0:03:18]} 37. Rd2 {[%clk 0:01:57]} Rc5
{[%clk 0:02:47]} 38. Qd4 {[%clk 0:01:49]} Re5 {[%clk 0:01:45]} 39. f4
{[%clk 0:01:51]} Rf5 {[%clk 0:01:28]} 40. Qxf6+ {[%clk 0:01:40]} Rxf6
{[%clk 0:01:56]} 41. Re2 {[%clk 0:01:31]} Rxf4 {[%clk 0:02:16]} 42. Re8
{[%clk 0:01:46]} 1-0

[Event "WCO2014"]
[Site "Tromso"]
[Date "2014.08.09"]
[Round "7.26"]
[WhiteID "5100011"]
[White "Hernandez Guerrero Gilberto"]
[BlackID "3204731"]
[Black "Ikeda Junta"]
[Result "0-1"]
[LiveChessVersion "1.4.3"]
[BlackElo "2402"]
[WhiteElo "2519"]

1. e4 {[%clk 1:30:48]} c5 {[%clk 1:30:56]} 2. Nf3 {[%clk 1:31:10]} e6
{[%clk 1:31:21]} 3. g3 {[%clk 1:31:32]} Nc6 {[%clk 1:31:00]} 4. Bg2
{[%clk 1:30:46]} Nf6 {[%clk 1:30:49]} 5. d3 {[%clk 1:30:45]} d6 {[%clk 1:30:33]}
6. O-O {[%clk 1:29:28]} Be7 {[%clk 1:30:45]} 7. c4 {[%clk 1:26:13]} O-O
{[%clk 1:30:04]} 8. Nc3 {[%clk 1:25:06]} a6 {[%clk 1:30:11]} 9. h3
{[%clk 1:20:56]} Rb8 {[%clk 1:23:45]} 10. a4 {[%clk 1:16:15]} Qc7
{[%clk 1:14:10]} 11. Be3 {[%clk 1:15:20]} Nd7 {[%clk 1:13:55]} 12. Nh2
{[%clk 0:58:46]} Bf6 {[%clk 0:56:48]} 13. f4 {[%clk 0:50:04]} Bd4
{[%clk 0:56:39]} 14. Bxd4 {[%clk 0:50:21]} cxd4 {[%clk 0:56:19]} 15. Ne2
{[%clk 0:48:23]} b5 {[%clk 0:54:02]} 16. b3 {[%clk 0:42:36]} bxc4
{[%clk 0:48:53]} 17. bxc4 {[%clk 0:43:00]} e5 {[%clk 0:47:23]} 18. g4
{[%clk 0:35:36]} f6 {[%clk 0:38:09]} 19. f5 {[%clk 0:31:14]} Nc5 {[%clk 0:37:35]}
20. h4 {[%clk 0:30:36]} Rb2 {[%clk 0:35:21]} 21. Rf2 {[%clk 0:27:24]} Qa5
{[%clk 0:26:46]} 22. Nf3 {[%clk 0:25:02]} Bd7 {[%clk 0:19:14]} 23. Bf1
{[%clk 0:12:51]} Nb4 {[%clk 0:13:15]} 24. Nc1 {[%clk 0:10:30]} Rxf2
{[%clk 0:13:04]} 25. Kxf2 {[%clk 0:10:55]} Bxa4 {[%clk 0:12:05]} 26. Qe2
{[%clk 0:11:12]} Qb6 {[%clk 0:11:46]} 27. Kg3 {[%clk 0:10:22]} a5
{[%clk 0:09:42]} 28. g5 {[%clk 0:10:39]} Be8 {[%clk 0:08:20]} 29. Bh3
{[%clk 0:10:48]} Qc7 {[%clk 0:04:07]} 30. Bg4 {[%clk 0:10:39]} a4
{[%clk 0:02:47]} 31. Kh3 {[%clk 0:10:57]} Kh8 {[%clk 0:02:08]} 32. Rb1
{[%clk 0:10:32]} Nc6 {[%clk 0:02:17]} 33. Na2 {[%clk 0:10:11]} Bf7
{[%clk 0:01:52]} 34. Rg1 {[%clk 0:09:41]} Qe7 {[%clk 0:01:31]} 35. Qd2
{[%clk 0:07:24]} Rb8 {[%clk 0:01:20]} 36. Nc1 {[%clk 0:06:34]} a3
{[%clk 0:00:54]} 37. Qa2 {[%clk 0:06:52]} Qa7 {[%clk 0:01:07]} 38. Qg2
{[%clk 0:07:07]} a2 {[%clk 0:00:41]} 0-1

[Event "WCO2014"]
[Site "Tromso"]
[Date "2014.08.09"]
[Round "7.25"]
[WhiteID "3208923"]
[White "Smirnov Anton"]
[BlackID "5111080"]
[Black "Torres Rosas Luis Carlos"]
[Result "1-0"]
[LiveChessVersion "1.4.3"]
[BlackElo "2351"]
[WhiteElo "2334"]

1. d4 {[%clk 1:29:26]} Nf6 {[%clk 1:30:26]} 2. c4 {[%clk 1:29:37]} g6
{[%clk 1:29:01]} 3. Nc3 {[%clk 1:28:41]} Bg7 {[%clk 1:27:43]} 4. e4
{[%clk 1:28:56]} d6 {[%clk 1:28:04]} 5. Nf3 {[%clk 1:29:18]} O-O {[%clk 1:27:58]}
6. Be2 {[%clk 1:29:38]} e5 {[%clk 1:27:33]} 7. O-O {[%clk 1:29:57]} Na6
{[%clk 1:27:35]} 8. Be3 {[%clk 1:27:18]} h6 {[%clk 1:22:31]} 9. dxe5
{[%clk 1:15:56]} Ng4 {[%clk 1:22:49]} 10. Bd2 {[%clk 1:14:37]} Nxe5
{[%clk 1:15:58]} 11. Nxe5 {[%clk 1:11:51]} dxe5 {[%clk 1:16:13]} 12. Qc1
{[%clk 1:08:54]} Qh4 {[%clk 1:13:24]} 13. g3 {[%clk 1:03:11]} Qh3
{[%clk 1:13:29]} 14. Nd5 {[%clk 1:00:28]} c6 {[%clk 0:55:21]} 15. Ne7+
{[%clk 0:57:26]} Kh7 {[%clk 0:55:41]} 16. Nxc8 {[%clk 0:57:47]} Qxc8
{[%clk 0:46:49]} 17. c5 {[%clk 0:55:41]} Nc7 {[%clk 0:47:14]} 18. Qc4
{[%clk 0:52:42]} f5 {[%clk 0:42:55]} 19. exf5 {[%clk 0:49:03]} gxf5
{[%clk 0:41:45]} 20. Rad1 {[%clk 0:41:33]} Nd5 {[%clk 0:33:21]} 21. f3
{[%clk 0:34:09]} Kh8 {[%clk 0:26:13]} 22. Bd3 {[%clk 0:32:18]} Qe6
{[%clk 0:25:30]} 23. g4 {[%clk 0:29:24]} f4 {[%clk 0:25:05]} 24. Rfe1
{[%clk 0:27:53]} Rad8 {[%clk 0:18:11]} 25. Qe4 {[%clk 0:20:56]} Nf6
{[%clk 0:16:22]} 26. Qg6 {[%clk 0:21:03]} Qd5 {[%clk 0:16:15]} 27. Be2
{[%clk 0:15:07]} Qxc5+ {[%clk 0:12:45]} 28. Kg2 {[%clk 0:14:49]} Rd5
{[%clk 0:01:36]} 29. Bc3 {[%clk 0:12:54]} Qd6 {[%clk 0:01:01]} 30. Bd3
{[%clk 0:11:46]} Rd8 {[%clk 0:00:54]} 31. Bc2 {[%clk 0:11:16]} Qe7
{[%clk 0:00:38]} 32. Bxe5 {[%clk 0:10:03]} Rxe5 {[%clk 0:00:34]} 33. Rxe5
{[%clk 0:10:13]} 1-0

[Event "WCO2014"]
[Site "Tromso"]
[Date "2014.08.09"]
[Round "7.29"]
[WhiteID "3800024"]
[White "Granda Zuniga Julio E"]
[BlackID "4202031"]
[Black "Banikas Hristos"]
[Result "1/2-1/2"]
[LiveChessVersion "1.4.3"]
[BlackElo "2644"]
[WhiteElo "2663"]

1. g3 {[%clk 1:30:50]} c5 {[%clk 1:29:40]} 2. Bg2 {[%clk 1:31:04]} Nc6
{[%clk 1:29:45]} 3. e4 {[%clk 1:30:25]} g6 {[%clk 1:29:28]} 4. Ne2
{[%clk 1:30:22]} Bg7 {[%clk 1:29:27]} 5. O-O {[%clk 1:22:55]} d6 {[%clk 1:29:40]}
6. Na3 {[%clk 1:20:53]} e5 {[%clk 1:28:21]} 7. Nc4 {[%clk 1:18:17]} Nge7
{[%clk 1:27:33]} 8. Nc3 {[%clk 1:11:09]} Be6 {[%clk 1:27:32]} 9. d3
{[%clk 1:11:06]} O-O {[%clk 1:26:46]} 10. Ne3 {[%clk 1:08:31]} Qd7
{[%clk 1:26:28]} 11. Ned5 {[%clk 1:04:25]} Bh3 {[%clk 1:25:38]} 12. Bxh3
{[%clk 0:59:01]} Qxh3 {[%clk 1:26:01]} 13. f4 {[%clk 0:59:18]} exf4
{[%clk 1:14:58]} 14. Bxf4 {[%clk 0:59:10]} Qd7 {[%clk 1:13:06]} 15. Qd2
{[%clk 0:44:16]} Nxd5 {[%clk 1:11:40]} 16. exd5 {[%clk 0:38:35]} Nd4
{[%clk 1:10:22]} 17. Rf2 {[%clk 0:29:21]} f5 {[%clk 1:06:43]} 18. Raf1
{[%clk 0:26:36]} Rae8 {[%clk 1:07:06]} 19. Nd1 {[%clk 0:26:46]} Qe7
{[%clk 1:00:45]} 20. Be3 {[%clk 0:21:02]} f4 {[%clk 0:56:10]} 21. Bxf4
{[%clk 0:17:23]} Ne2+ {[%clk 0:56:23]} 22. Kg2 {[%clk 0:16:00]} Nxf4+
{[%clk 0:56:13]} 23. Rxf4 {[%clk 0:15:51]} Rxf4 {[%clk 0:51:02]} 24. Qxf4
{[%clk 0:15:52]} Qe2+ {[%clk 0:51:30]} 25. Rf2 {[%clk 0:15:50]} Qe1
{[%clk 0:51:58]} 26. c3 {[%clk 0:05:10]} h5 {[%clk 0:51:09]} 27. Qf7+
{[%clk 0:03:56]} Kh7 {[%clk 0:50:06]} 28. Rf6 {[%clk 0:04:15]} Kh8
{[%clk 0:50:35]} 29. Rxg6 {[%clk 0:02:53]} Re7 {[%clk 0:49:18]} 30. Re6
{[%clk 0:02:51]} Rxe6 {[%clk 0:49:24]} 31. dxe6 {[%clk 0:03:01]} Qxd1
{[%clk 0:49:49]} 32. e7 {[%clk 0:01:18]} Qe2+ {[%clk 0:50:12]} 1/2-1/2

[Event "WCO2014"]
[Site "Tromso"]
[Date "2014.08.09"]
[Round "7.30"]
[WhiteID "4201345"]
[White "Papaioannou Ioannis"]
[BlackID "3801497"]
[Black "Cordova Emilio"]
[Result "1/2-1/2"]
[LiveChessVersion "1.4.3"]
[BlackElo "2629"]
[WhiteElo "2641"]

1. d4 {[%clk 1:30:52]} Nf6 {[%clk 1:30:39]} 2. c4 {[%clk 1:31:15]} b6
{[%clk 1:30:09]} 3. Nc3 {[%clk 1:28:38]} Bb7 {[%clk 1:30:00]} 4. Qc2
{[%clk 1:26:12]} d6 {[%clk 1:20:11]} 5. e4 {[%clk 1:25:05]} Nbd7 {[%clk 1:20:23]}
6. Nf3 {[%clk 1:23:42]} c5 {[%clk 1:19:46]} 7. d5 {[%clk 1:23:28]} g6
{[%clk 1:19:56]} 8. Be2 {[%clk 1:22:40]} Bg7 {[%clk 1:19:56]} 9. O-O
{[%clk 1:21:39]} O-O {[%clk 1:16:04]} 10. Bf4 {[%clk 1:20:47]} Ne8
{[%clk 1:16:01]} 11. Rad1 {[%clk 1:19:01]} a6 {[%clk 1:16:07]} 12. a4
{[%clk 1:19:00]} Rb8 {[%clk 1:05:36]} 13. Bg3 {[%clk 1:14:04]} Bc8
{[%clk 1:03:13]} 14. Rfe1 {[%clk 1:12:57]} Nc7 {[%clk 1:00:26]} 15. Bf1
{[%clk 1:12:36]} f6 {[%clk 1:00:43]} 16. Nh4 {[%clk 1:09:34]} Ne5
{[%clk 0:56:15]} 17. f4 {[%clk 1:08:32]} g5 {[%clk 0:53:01]} 18. Nf5
{[%clk 1:06:54]} gxf4 {[%clk 0:44:37]} 19. Bxf4 {[%clk 1:06:17]} Ng6
{[%clk 0:44:41]} 20. Bc1 {[%clk 1:05:03]} Rf7 {[%clk 0:39:04]} 21. Re3
{[%clk 1:04:10]} Bf8 {[%clk 0:33:26]} 22. Rg3 {[%clk 1:02:39]} Kh8
{[%clk 0:33:17]} 23. Qe2 {[%clk 1:00:47]} e6 {[%clk 0:24:47]} 24. dxe6
{[%clk 0:59:15]} Nxe6 {[%clk 0:24:58]} 25. Nd5 {[%clk 0:57:33]} Rbb7
{[%clk 0:23:21]} 26. b3 {[%clk 0:56:19]} Bd7 {[%clk 0:15:33]} 27. Qh5
{[%clk 0:55:48]} Ne5 {[%clk 0:13:16]} 28. Qh4 {[%clk 0:55:16]} Nd4
{[%clk 0:09:29]} 29. Nxd4 {[%clk 0:53:25]} cxd4 {[%clk 0:09:56]} 30. Rxd4
{[%clk 0:53:40]} Bg7 {[%clk 0:08:55]} 31. Be2 {[%clk 0:52:50]} b5
{[%clk 0:05:25]} 32. cxb5 {[%clk 0:47:03]} axb5 {[%clk 0:05:51]} 33. axb5
{[%clk 0:47:17]} Bxb5 {[%clk 0:06:13]} 34. Rh3 {[%clk 0:46:40]} Bf8
{[%clk 0:06:33]} 35. Bh5 {[%clk 0:46:20]} Rg7 {[%clk 0:04:11]} 36. Rd1
{[%clk 0:45:39]} Bd7 {[%clk 0:03:02]} 37. Rc3 {[%clk 0:46:01]} Be6
{[%clk 0:01:18]} 38. Bf4 {[%clk 0:44:57]} Ng6 {[%clk 0:01:36]} 39. Bxg6
{[%clk 0:44:37]} Rxg6 {[%clk 0:02:04]} 40. Qf2 {[%clk 0:44:49]} Rf7
{[%clk 0:00:38]} 41. Bg3 {[%clk 0:43:59]} Bg4 {[%clk 0:27:22]} 42. Rdc1
{[%clk 1:14:19]} Qe8 {[%clk 0:27:13]} 43. Qd4 {[%clk 1:11:24]} Kg8
{[%clk 0:24:03]} 44. Rc7 {[%clk 1:06:24]} Bd7 {[%clk 0:22:59]} 45. Nb6
{[%clk 1:05:12]} Be6 {[%clk 0:18:41]} 46. Rxf7 {[%clk 1:05:27]} Qxf7
{[%clk 0:15:59]} 47. Nd5 {[%clk 1:05:40]} Bxd5 {[%clk 0:15:35]} 48. Qxd5
{[%clk 1:05:13]} Qxd5 {[%clk 0:15:52]} 49. exd5 {[%clk 1:05:39]} Rg5
{[%clk 0:16:09]} 50. Rd1 {[%clk 1:05:38]} Rg4 {[%clk 0:16:28]} 51. Rd3
{[%clk 1:04:50]} Rb4 {[%clk 0:16:23]} 52. Be1 {[%clk 1:04:21]} Rb5
{[%clk 0:16:41]} 53. b4 {[%clk 1:03:56]} f5 {[%clk 0:16:18]} 54. Kf2
{[%clk 1:03:56]} Bg7 {[%clk 0:16:22]} 55. Ke2 {[%clk 1:01:42]} Be5
{[%clk 0:15:39]} 56. h3 {[%clk 0:59:29]} Kf7 {[%clk 0:15:47]} 57. Kd1
{[%clk 0:59:37]} Kf6 {[%clk 0:15:07]} 58. g3 {[%clk 0:56:01]} h5 {[%clk 0:15:18]}
59. Ke2 {[%clk 0:55:09]} f4 {[%clk 0:11:31]} 60. gxf4 {[%clk 0:51:15]} Bxf4
{[%clk 0:11:56]} 61. Kf3 {[%clk 0:50:10]} Kf5 {[%clk 0:12:15]} 62. Ra3
{[%clk 0:49:13]} Bh2 {[%clk 0:10:27]} 63. Ra5 {[%clk 0:47:33]} Rb7
{[%clk 0:10:27]} 64. Ra2 {[%clk 0:47:17]} Bg1 {[%clk 0:08:37]} 65. Rg2
{[%clk 0:45:58]} Bd4 {[%clk 0:08:00]} 66. Rg8 {[%clk 0:44:24]} Ra7
{[%clk 0:07:33]} 1/2-1/2

[Event "WCO2014"]
[Site "Tromso"]
[Date "2014.08.09"]
[Round "7.31"]
[WhiteID "3802272"]
[White "Cori Jorge"]
[BlackID "4202694"]
[Black "Mastrovasilis Dimitrios"]
[Result "1/2-1/2"]
[LiveChessVersion "1.4.3"]
[BlackElo "2608"]
[WhiteElo "2630"]

1. d4 {[%clk 1:30:58]} d5 {[%clk 1:30:51]} 2. c4 {[%clk 1:31:22]} c6
{[%clk 1:31:13]} 3. Nf3 {[%clk 1:31:48]} Nf6 {[%clk 1:31:32]} 4. Nc3
{[%clk 1:32:13]} dxc4 {[%clk 1:31:42]} 5. a4 {[%clk 1:32:38]} Bf5
{[%clk 1:31:51]} 6. e3 {[%clk 1:32:56]} e6 {[%clk 1:32:07]} 7. Bxc4
{[%clk 1:33:21]} Bb4 {[%clk 1:32:17]} 8. O-O {[%clk 1:33:42]} Nbd7
{[%clk 1:32:34]} 9. Qe2 {[%clk 1:34:00]} Bg6 {[%clk 1:32:49]} 10. e4
{[%clk 1:34:20]} O-O {[%clk 1:33:00]} 11. Bd3 {[%clk 1:34:31]} Bh5
{[%clk 1:33:09]} 12. e5 {[%clk 1:34:55]} Nd5 {[%clk 1:33:32]} 13. Nxd5
{[%clk 1:35:19]} cxd5 {[%clk 1:33:54]} 14. Qe3 {[%clk 1:35:44]} Be7
{[%clk 1:26:33]} 15. Ng5 {[%clk 1:36:06]} Bxg5 {[%clk 1:25:22]} 16. Qxg5
{[%clk 1:36:30]} Qxg5 {[%clk 1:25:21]} 17. Bxg5 {[%clk 1:36:49]} Nb8
{[%clk 1:25:35]} 18. Bd2 {[%clk 1:35:04]} Nc6 {[%clk 1:24:21]} 19. Bc3
{[%clk 1:35:30]} Bg6 {[%clk 1:23:30]} 20. Be2 {[%clk 1:35:08]} Rac8
{[%clk 1:20:55]} 21. a5 {[%clk 1:33:08]} Rc7 {[%clk 1:17:58]} 22. Rfe1
{[%clk 1:20:02]} Rfc8 {[%clk 1:10:30]} 23. h4 {[%clk 1:17:08]} h5
{[%clk 1:06:14]} 24. Bf1 {[%clk 1:01:43]} Bc2 {[%clk 0:51:12]} 25. Ra3
{[%clk 1:02:00]} Ne7 {[%clk 0:49:26]} 26. Bb4 {[%clk 0:41:31]} Nf5
{[%clk 0:42:36]} 27. Bc5 {[%clk 0:41:52]} b6 {[%clk 0:41:02]} 28. axb6
{[%clk 0:42:17]} axb6 {[%clk 0:41:26]} 29. Bd6 {[%clk 0:17:49]} Rd7
{[%clk 0:35:21]} 30. Rc1 {[%clk 0:16:35]} Rdd8 {[%clk 0:34:41]} 31. Ba6
{[%clk 0:14:07]} Rc6 {[%clk 0:33:04]} 32. Bb5 {[%clk 0:13:24]} Rcc8
{[%clk 0:32:12]} 33. Ba6 {[%clk 0:09:25]} Rc6 {[%clk 0:32:35]} 34. Bb5
{[%clk 0:09:49]} Rcc8 {[%clk 0:32:37]} 35. Ba6 {[%clk 0:10:10]} 1/2-1/2